|
000
|
01186nam0 2200277 450
|
|
001
|
2239658408
|
|
005
|
20220524210016.6
|
|
010
|
|
@a978-7-5212-1786-5@dCNY52.00
|
|
092
|
|
@bCIP-A4D58D7069484B9C9D270088A6524D86
|
|
100
|
|
@a20220512d2022 em y0chiy50 ea
|
|
101
|
0
|
@achi
|
|
102
|
|
@aCN@b110000
|
|
105
|
|
@ay z 000ay
|
|
106
|
|
@ar
|
|
200
|
1
|
@a西施传@Axi shi zhuan@f柳岸著
|
|
210
|
|
@a北京@c作家出版社@d2022.3
|
|
215
|
|
@a405页@d24cm
|
|
300
|
|
@a春秋名姝·越女夷光
|
|
314
|
|
@a柳岸, 本名王相勤, 女, 中国作家协会会员。
|
|
330
|
|
@a本书为“春秋名姝”系列最后一部, 讲述越女西施的故事。夷光本是普通的越女, 以浣纱为生, 因姿容出色闻名乡里。美貌让她邂逅了此生唯一的爱人, 也让她陷进权利的旋涡无法挣脱。越王勾践战败后, 夷光以西施之名被献给吴王夫差, 进入夫差后宫。夫差明知夷光的到来是越王的阴谋, 但他还是给了夷光万千宠爱, 而夷光也在相处中慢慢被夫差的气概折服。但吴国积疾难理, 最终走向灭亡, 吴王殉国, 夷光却没有回到爱人范蠡的身边, 不知所踪……
|
|
333
|
|
@a小说爱好者
|
|
606
|
0
|
@a长篇小说@Achang pian xiao shuo@y中国@z当代
|
|
690
|
|
@aI2403@v5
|
|
701
|
0
|
@a柳岸@Aliu an@4著
|
|
801
|
0
|
@aCN@b湖北三新@c20220524
|
|
905
|
|
@aCDNYKJZYXY@b300657911-3@dI2403@e312@f3
|
|
|
|
|
| |
| 西施传/柳岸著.-北京:作家出版社,2022.3 |
| 405页;24cm |
| 春秋名姝·越女夷光.-使用对象:小说爱好者 |
| |
| ISBN 978-7-5212-1786-5:CNY52.00 |
| 本书为“春秋名姝”系列最后一部, 讲述越女西施的故事。夷光本是普通的越女, 以浣纱为生, 因姿容出色闻名乡里。美貌让她邂逅了此生唯一的爱人, 也让她陷进权利的旋涡无法挣脱。越王勾践战败后, 夷光以西施之名被献给吴王夫差, 进入夫差后宫。夫差明知夷光的到来是越王的阴谋, 但他还是给了夷光万千宠爱, 而夷光也在相处中慢慢被夫差的气概折服。但吴国积疾难理, 最终走向灭亡, 吴王殉国, 夷光却没有回到爱人范蠡的身边, 不知所踪…… |
| ● |
正题名:西施传
索取号:I2403/312
 
预约/预借
| 序号
|
登录号
|
条形码
|
馆藏地/架位号
|
状态
|
备注
|
|
1
|
300657911
|
300657911
|
柳城-3楼/22架12列6层/
[索取号:I2403/312]
|
在馆
|
|
|
2
|
300657912
|
300657912
|
柳城-3楼/22架12列6层/
[索取号:I2403/312]
|
在馆
|
|
|
3
|
300657913
|
300657913
|
柳城-3楼/22架12列6层/
[索取号:I2403/312]
|
在馆
|
|